Nuestra situación : después de la semana trágica de Julio de 1909 / Patronato Social Escolar de Obreras Cristianas, Poblet después de la semana trágica de Julio de 1909 / Patronato Social Escolar de Obreras Cristianas, Poblet

per Patronat Social Escolar d'Obreres de Poblet

Publicat: Barcelona : Imp. P. Sanmartí, [191 - ?]
Descripció física: [4] p. ; 21 cm

MARC

LEADER 00000nam a2200000Ia 4500
001 19380
008 160829s9999 xx 000 0 cat d
080 |a 3402, exp. 1 
100 |a Patronat Social Escolar d'Obreres de Poblet  |9 48375 
245 |a Nuestra situación :  |b  después de la semana trágica de Julio de 1909 / Patronato Social Escolar de Obreras Cristianas, Poblet 
260 |a Barcelona :  |b Imp. P. Sanmartí, [191 - ?] 
300 |a [4] p. ;  |c 21 cm 
650 |a Patronat Social Escolar d'Obreres de Poblet  |x Història  |9 48376 
901 |a Arxiu 
942 |n 1 
952 |0 0  |1 0  |4 0  |6 3402_EXP_1  |7 1  |9 54500  |a Arxiu  |b Arxiu  |d 2016-12-01  |l 0  |o 3402, exp. 1  |p 19380  |r 2016-12-01 00:00:00  |w 2016-12-01  |y ARXIU 
999 |c 58369  |d 58369